Statistics for Random Counties of Sweden

Click here to take the quiz!

General Stats

  • This quiz has been taken 78 times
  • The average score is 4 of 5

Answers on the Map

Answers color-coded by a green-red scale on the quiz's map according to % correct below.
 

Answer Stats

County% Correct
Ångermanland
100%
Blekinge
100%
Dalsland
100%
Gotland
100%
Halland
100%
Hälsingland
100%
Härjedalen
100%
Lapland
100%
Medelpad
100%
Norrbotten
100%
Östergötland
100%
Skåne
100%
Småland
100%
Uppland
100%
Västerbotten
100%
Västmanland
100%
Jämtland
67%
Närke
67%
Bohuslän
50%
Västergötland
50%
Dalarna
0%
Gästrikland
0%
Öland
0%
Södermanland
0%
Varmland
0%

Score Distribution

Percentile by Number Answered

Percent of People with Each Score

Your Score History

You have not taken this quiz